000 00998nam a2200265Ia 4500
003 OSt
005 20220923213016.0
006 a|||||r|||| 00| 0
007 ta
008 220922b |||||||| |||| 00| 0 hin d
024 _a158,276
037 _cTextual
040 _aARTS
_cARTS
_bhin
041 _2hin
_ahin
082 _aO152,1(S:55)x, J3.3
100 _aद्विवेदी, गणेशप्रसाद, संपा.
_9156907
245 0 _aहिन्दी प्रेमगाथा काव्य संग्रह
246 _aHindī premagāthā kāvya sangraha
250 _aसंस्क 2
260 _aइलाहाबाद
_b हिन्दुस्तानी एकेडेमी
_c1953
300 _a414 पृ.
_ccm.
650 _aहिन्दी साहित्य
_9156264
942 _hO152,1(S:55)x, J3.3
_cTEXL
_2CC
999 _c313075
_d313075